000 00541nam a2200181Ia 4500
003 GCL
008 140319s9999 xx 000 0 ara d
040 _aGCL /
_cGCL
082 0 4 _a200.1
_bم ا
100 1 _aمحمد عثمان الخشب
245 1 0 _aالاديان تأويل نقدى لفلسفة الدين عند هيجل /
_cمحمد عثمان الخشب
300 _a184 ص
490 _a100 قصة
_v0
650 0 4 _aالفلسفة
650 0 4 _aالديانات
650 0 4 _aالديانات البحوث
942 _2ddc
_cBK
999 _c44206
_d44206